000 01919cam a22005057i 4500
001 1851
003 FISKH
005 20241014090603.0
008 160205r20081999enka j 000 0 eng
010 _a 2015458857
015 _aGBA864046
_2bnb
016 7 _a014607510
_2Uk
020 _a9781407105857
_q(pbk.)
020 _a140710585X
_q(pbk.)
035 _a(OCoLC)ocn227277268
040 _aUKM
_beng
_cUKM
_dBTCTA
_dYDXCP
_dOCLCF
_dOCLCO
_dOCLCQ
_dDLC
042 _alccopycat
050 0 0 _aQA99
_b.P669 2008
082 0 4 _a513.21
_222
100 1 _aPoskitt, Kjartan.
245 1 0 _aAwesome arithmetricks /
_cKjartan Poskitt
260 _aLondon :
_bScholastic,
_c2008.
300 _a176 pages :
_billustrations ;
_c22 cm.
336 _atext
_btxt
_2rdacontent
337 _aunmediated
_bn
_2rdamedia
338 _avolume
_bnc
_2rdacarrier
490 1 _aMurderous maths
500 _aOriginally published: London: Hippo, 1999.
505 _aZ'
520 _aFind out how to count your way out of a death-trap, why multiplication can stop a hairy green spot epidemic, and meet the barmy pure mathematicians who spent years proving 5 + 0 = 5. Meanwhile, Chainsaw Charlie, Half smile and their gang discover that even the simplest math can be murderous.
521 8 _a990
_bLexile
521 8 _aZ'
_bRaz-Plus
650 0 _aArithmetic
_vMiscellanea
_vJuvenile literature.
650 0 _aArithmetic
_vJuvenile humor.
650 7 _aArithmetic.
_2fast
_0(OCoLC)fst00814484
655 7 _aHumor.
_2fast
_0(OCoLC)fst01423696
655 7 _aJuvenile works.
_2fast
_0(OCoLC)fst01411637
655 7 _aMiscellanea.
_2fast
_0(OCoLC)fst01423854
700 1 _aPostgate, Daniel.
_eillustrator
700 1 _aDavis, Rob
_eillustrator
830 0 _aMurderous maths.
906 _a7
_bcbc
_ccopycat
_d2
_encip
_f20
_gy-gencatlg
942 _2ddc
_cBK
_n0
999 _c1851
_d1851